|
|
|
|
| LEADER |
01559nam a2200313 a 4500 |
| 001 |
2995356 |
| 008 |
930304s1993 nyu bs 001 0 eng d |
| 010 |
|
|
|a 93007407
|
| 020 |
|
|
|a 0415088437 :
|c $59.95
|
| 020 |
|
|
|a 0415088445 (pbk.) :
|c $18.95
|
| 040 |
|
|
|a DLC
|c DLC
|d DLC
|
| 082 |
0 |
0 |
|a 338.1/09172/4
|2 20
|
| 100 |
1 |
|
|a Farrington, John.
|
| 245 |
1 |
0 |
|a Reluctant partners? :
|b non-governmental organizations, the state and sustainable agricultural development /
|c John Farrington and Anthony Bebbington with Kate Wellard and David J. Lewis.
|
| 260 |
|
|
|a London ;
|a New York :
|b Routledge,
|c 1993.
|
| 300 |
|
|
|a xxvii, 222 p. ;
|c 24 cm.
|
| 490 |
|
0 |
|a Non-governmental organizations series
|
| 500 |
|
|
|a Simultaneously published in the USA and Canada.
|
| 504 |
|
|
|a Includes bibliographical references (p. 196-211) and index.
|
| 541 |
1 |
|
|e 00005783
|
| 650 |
|
0 |
|a Agriculture
|x Economic aspects
|z Developing countries
|x Case studies.
|
| 650 |
|
0 |
|a Agricultural innovations
|z Developing countries
|x Case studies.
|
| 650 |
|
0 |
|a Non-governmental organizations
|z Developing countries
|x Case studies.
|
| 650 |
|
0 |
|a Sustainable agriculture
|z Developing countries
|x Case studies.
|
| 650 |
|
0 |
|a Agriculture and state
|z Developing countries
|x Case studies.
|
| 700 |
1 |
|
|a Bebbington, Anthony,
|d 1962-
|
| 852 |
4 |
|
|a Ayesha Abed Library
|j General Shelf.
|
| 999 |
|
|
|c 5103
|d 5103
|
| 952 |
|
|
|0 0
|1 0
|2 ddc
|4 0
|6 338_109172400000000_FAR_1993
|7 0
|9 4956
|a BRACUL
|b BRACUL
|c GEN
|d 2009-11-04
|g 0.00
|l 0
|o 338.1091724 FAR
|p 3010005783
|r 2009-11-04
|t 1
|w 2009-11-04
|y BK
|x No price found in the accession register.
|